00691nam a2200241 a 4500001001300000003000900013005001700022008004100039020000800080082001600088100001300104245004900117260004700166300000900213500003500222505001400257650002300271700001300294902000800307942000700315952011200322999001500434nice12345678IN_TiNIC20260116011838.0050524s1966 vara grp 000 0 eng  ac300a294.51bVIN aVinoba,  aSteadfast Wisdom, Serva Seva Sangh Prakashan aVaranasibSarva Seva Sangh Prakashanc1966 a136p aincludes index and biblioraphy2 aresereved aHinduism-Doctrines1 aVinoba,  bSRS cBK 001040708StackRoom-aHMIbHMId2007-07-23g3.00l0o294.51 VINp06947r2007-07-23v3.00w2005-05-24yBK c4404d4404